000 01036nam a22002897a 4500
005 20240530110908.0
008 220303s2009 le g b 001 0 ara d
020 _a9789953822495
040 _aEG-CaGPL
_cEG-CaGPL
082 0 4 _221
_a320.5/
_bع م
100 0 _aعبدالاله بلقزيز
245 1 0 _aمن النهضة الى الحداثة /
_cعبدالاله بلقزيز
250 _aط.1
260 _aبيروت :
_bمركز دراسات الوحدة العربية،
_c2009.
300 _a318 ص. ؛
_c24 سم.
490 0 _aالعرب والحداثة ؛
_v2.
504 _aيشتمل على ارجاعات ببليوجرافية
650 0 7 _2qrmak
_aالحداثة
650 0 7 _2qrmak
_aالعلمانية
650 0 7 _2qrmak
_aالنظم السياسية
650 0 7 _2qrmak
_aالماركسية
650 0 7 _2qrmak
_aالاسلام والاصلاح السياسى
651 _2qrmak
653 0 _aالحداثة فى السياسة
942 _2ddc
_cBK
999 _c66256
_d66256